000 00330nam a22001337a 4500
999 _c7830
_d7830
003 OSt
005 20200522154025.0
008 200522b ||||| |||| 00| 0 eng d
020 _a9781782210979
082 _a741.2THO
100 _a Thorspecken, Thomas
245 _aUrban sketching : the complete guide to techniques
942 _2ddc